Cruzando Fronteras: reflexiones sobre la relevancia de fronteras históricas, simbólicas y casi desaparecidas en América Latina /
Este ensayo se centra en tres aspectos del desarrollo de los estados-nación latinoamericanos. Su foco será el desarrollo histórico de las regiones fronterizas en América Latina. Se discutirá el establecimiento histórico de las fronteras latinoamericanas así como su significado político y social. Lue...
Guardado en:
| Hovedforfatter: | |
|---|---|
| Andre forfattere: | , , , , |
| Format: | Ukendt |
| Udgivet: |
Quito:
Abya-Yala
|
| Fag: | |
| Tags: |
Tilføj Tag
Ingen Tags, Vær først til at tagge denne postø!
|
MARC
| LEADER | 00000 a2200000 04500 | ||
|---|---|---|---|
| 001 | 38256 | ||
| 003 | |||
| 008 | 991231s d | ||
| 040 | |||
| 020 | |a 9978-22-452-1 | ||
| 022 | |a 9978-22-452-1 | ||
| 090 | |a 0001 C957c | ||
| 100 | |a Baund, Michiel | ||
| 245 | |a Cruzando Fronteras: reflexiones sobre la relevancia de fronteras históricas, simbólicas y casi desaparecidas en América Latina / |c Michiel Baund | ||
| 260 | |a Quito: |b Abya-Yala | ||
| 300 | |a 181 p. | ||
| 520 | |a Este ensayo se centra en tres aspectos del desarrollo de los estados-nación latinoamericanos. Su foco será el desarrollo histórico de las regiones fronterizas en América Latina. Se discutirá el establecimiento histórico de las fronteras latinoamericanas así como su significado político y social. Luego será considerada la situación actual de las fronteras latinoamericanas | ||
| 650 | |a FRONTERAS | ||
| 650 | |a INDEPENDENCIA | ||
| 650 | |a POLITICA | ||
| 650 | |a SOCIEDAD | ||
| 650 | |a ETNICIDAD | ||
| 650 | |a GLOBALIZACION | ||
| 650 | |a AMERICA LATINA | ||
| 700 | |a Dijck, Pitou van | ||
| 700 | |a Hogenboom, Barbara | ||
| 700 | |a Ouweneel, Arij | ||
| 700 | |a Torres Cisneros, Gustavo | ||
| 700 | |a Ypeij, Annelou | ||
| 999 | |c 743 |d 743 | ||



